Κώδικας φορολογίας κληρονομιών - δωρεών - γονικών παροχών : νομ.διάταγμα 118/1973

Αποθηκεύτηκε σε:
Λεπτομέρειες βιβλιογραφικής εγγραφής
Κύριος συγγραφέας: Τότσης, Χρήστος Ν.
Μορφή: Βιβλίο
Γλώσσα:Greek
Δημοσίευση: Αθήνα : Πάμισος, 1993
Έκδοση:4η έκδ.
Σειρά:Κώδικες οικονομικής νομοθεσίας ; ; 8
Θέματα:
Ετικέτες: Προσθήκη ετικέτας
Δεν υπάρχουν, Καταχωρήστε ετικέτα πρώτοι!

MARC

LEADER 00000nam a2200000 i 4500
001 1/47194
008 960308s1993 gre d
035 |l 10026455 
040 |a GR-MY-UA  |b gre  |e aacr 
041 0 |a gre 
082 0 |a 343.0532 
100 1 |a Τότσης, Χρήστος Ν. 
245 1 0 |a Κώδικας φορολογίας κληρονομιών - δωρεών - γονικών παροχών :  |b νομ.διάταγμα 118/1973 /  |c Χρήστος Ν.Τότσης 
250 |a 4η έκδ. 
260 |a Αθήνα :   |b Πάμισος,   |c 1993 
300 |a 216 σ. 
490 1 |a Κώδικες οικονομικής νομοθεσίας  |v ; 8 
504 |a Περιλαμβάνει ευρετήριο 
650 0 0 |a Inheritance and succession. 
650 0 0 |a Law  |x Codification. 
830 0 |a Κώδικες οικονομικής νομοθεσίας ;  |v ; 8 
852 |a INST  |b CHIOS  |e 19960308  |h 343.0532 ΚΩΔ  |p 005200002804  |q 005200002804  |t BK  |y 0 
909 |a Χ  |b 032726